00609nam a2200193Ia 4500008004100000020001800041082001600059100002000075245004400095250000800139260004400147300002400191500001900215600001500234650001500249942000700264952012700271999001700398240925s9999 xx 000 0 und d a9780470919668 a658.022 APP aApplegate, Jane 0a201 Great Ideas For Your Small Business a3rd aNew Jersey:bJohn wiley & Sonsc,2011. a410p.bNAfOriginal aIncludes Index aManagement aManagement cBK 001040708MANaUITUbUITUd2019-01-30eBook Stationg450.00l0o658.022 APPpQ14167r2024-09-25 07:17:12w2024-09-25yBK c16666d16666